Normal view MARC view
  • Construction and Building Research Conference

Entry Corporate Name

Number of records used in: 1

001 - CONTROL NUMBER

  • control field: 4461

003 - CONTROL NUMBER IDENTIFIER

  • control field: OSt

005 - DATE AND TIME OF LATEST TRANSACTION

  • control field: 20190806150233.0

008 - FIXED-LENGTH DATA ELEMENTS

  • fixed length control field: 030612n| aaannaabn |n ana d

040 ## - CATALOGING SOURCE

  • Original cataloging agency: OSt
  • Transcribing agency: OSt

110 ## - HEADING--CORPORATE NAME

  • Corporate name or jurisdiction name as entry element: Construction and Building Research Conference
  • Number of part/section/meeting: (5th
  • Date of meeting or treaty signing: 2000)

410 ## - SEE FROM TRACING--CORPORATE NAME

  • Corporate name or jurisdiction name as entry element: COBRA 2000

410 ## - SEE FROM TRACING--CORPORATE NAME

  • Corporate name or jurisdiction name as entry element: RICS Construction and Building Research Conference
  • Number of part/section/meeting: (5th
  • Date of meeting or treaty signing: 2000)

410 ## - SEE FROM TRACING--CORPORATE NAME

  • Corporate name or jurisdiction name as entry element: RICS COBRA 2000

670 ## - SOURCE DATA FOUND

  • Source citation: COBRA, 2000